1420 1160 1198 1520 1036 1566 1454 1996 1348 1435 1755 1716 1296 1614 1275 1555 1799 1453 1910 1962 1649 1735 1605 1513 1535 1311 1992 1360 1427 1477 1444 1397 1747 1239 1823 1602 1728 1575 1066 1286 1036 1893 1624 1316 1226 1754 1825 1912 2000 1227 1352 1294 1166 1413 1958 1835 1297 1022 1979 1973 1131 1875 1877 1527 1938 1699 1584 1370 1863 1983 1483 1814 1543 1701 1174 1727 1399 1261 1387 1151 1543 1615 1843 1878 1769 1525 1677 1032 1175 1742 1407 1655 1069 1082 1705 1781 1084 1375 1381 BCNSPRNW ULIB Ver.6.0+V

เปลี่ยนเป็นภาษาไทย

Change to English
 แสดงรายละเอียดบรรณานุกรม
  กลับหน้าหลัก

Brief Record : Get Marc (ISO 2709) : E-mail record : QR code < ปิดหน้าต่าง
LEADER : 00000nam 2200000uu 4500
001    13399111824
003     ULIB
008    110708s2548||||th 000 0 tha d
020    9749916433
050  4 DS571^bธ684ท 2548
100 0  ธีรภาพ โลหิตกุล
245 10 เที่ยวไทย...กำไรจัง /^cธีรภาพ โลหิตกุล
250    พิมพ์รวมเล่มครั้งที่ 1
260    กรุงเทพฯ :^bแพรวสำนักพิมพ์,^c2548
300    365 หน้า :^bภาพประกอบ (สีบางภาพ) ;^c21 ซม.
490 1  สารคดีท่องเที่ยว ;^vลำดับที่ 35
651  7 ไทย^xความเป็นอยู่และประเพณี
651  7 ไทย^xภูมิประเทศและการท่องเที่ยว
945    ^p255^l0^i018971
995    ทศพร
999 ^a ใช้งานได้ทุกระบบ
รายการนี้ยังไม่มีแท็ก
คุณยังไม่ได้ล็อกอิน คุณสามารถมีกิจกรรมร่วมกับเว็บไซต์ได้ แต่ต้องล็อกอินก่อน ::
  ล็อกอิน

รายการสื่อสารสนเทศ

ลำดับที่ ประเภท เลขเรียก/บาร์โค้ด สถานที่ สถานะ
- ไม่พบข้อมูล -

รายการใกล้เคียง
    ผู้แต่ง [ธีรภาพ โลหิตกุล]

BibComment


ยังไม่เคยถูกคอมเมนท์

คอมเมนท์ทรัพยากรรายการนี้
  คอมเมนท์: เที่ยวไทยกำไรจัง ..


 Copyright 2026. Bcnsprnw @Library